Žalmy

Korporativní autor: Křesťanské sbory (společenství)
Jazyk: Čeština
Vydáno: Ostrava : A-ALEF, 2002
Vydání: Vyd. 2.
Témata:
Fyzický popis: 167 s. ; 16 cm + [1] vol. příl
Knihy
Uloženo v:
LEADER 01148nam a2200373 a 4500
001 000597573
003 CZ BrMZK
005 20100331130856.0
007 ta
008 020430s2002 xr e cze d
015 |a cnb001121266 
020 |a 80-85237-98-9 
035 |a (OCoLC)51187900 
040 |a BOA001  |b cze 
041 1 |a cze  |h heb 
072 7 |a 2-23/-27  |x Bible. Biblistika  |2 Konspekt  |9 5 
080 |a 27-243.63  |2 MRF 
080 |a 27-232/-236  |2 MRF 
080 |a 27-235  |2 MRF 
080 |a (0:82-9)  |2 MRF 
245 0 0 |a Žalmy 
250 |a Vyd. 2. 
260 |a Ostrava :  |b A-ALEF,  |c 2002 
300 |a 167 s. ;  |c 16 cm +  |e [1] vol. příl 
500 |a Překlad z hebrejštiny 
500 |a Vydavatel: Křesťanské sbory 
630 0 7 |a Bible.  |p Žalmy  |7 unn2006374768  |2 czenas 
650 0 7 |a biblické texty  |7 ph118860  |2 czenas 
650 0 7 |a biblické překlady  |7 ph115820  |2 czenas 
655 7 |a texty  |7 fd133699  |2 czenas 
710 2 |a Křesťanské sbory (společenství)  |7 ko2003164821 
910 |a BOA001  |b 1-1102.733 
990 |a BK 
996 6 |b 2610160431  |c 1-1102.733  |l MZK  |r Sklad / do 1 hodiny  |n 1  |p p.v.  |w 000597573  |u 000010  |a 1  |e BOA001  |j MZK50  |s P